Hitchhiker's Guide to the Galaxy A-Z Quiz Stats

 Plays Quiz not verified by Sporcle

Score 0/26 Timer 08:00
0 Plays Today
Letter Fact % Correct
AArthur
98.3%
BBabel
93%
MMarvin
92.8%
DDolphins
89.2%
PPrefect
83.3%
HHarmless
82.9%
TTrillian
81.8%
VVogons
80.3%
EEarth
76.7%
SSlartibartfast
74.3%
FFenchurch
54.8%
KKrikkit
51.3%
ZZarniwoop
44.9%
Letter Fact % Correct
JJohn
38.8%
LLamuella
38.1%
CColin
37.5%
NNutrimatic Drinks Dispenser
36.2%
WWowbagger
35.5%
UUltimate
30.9%
GGolden Bail of Prosperity
28.7%
IInfiniDim Enterprises
27.6%
RRupert
25.9%
OOld Thrashbarg
15.6%
YYooden
14%
QQuordlepleen
11.8%
XXaxis
2.6%

You're not logged in!

Compare scores with friends on all Sporcle quizzes.
OR
Log In

Show Comments

Extras

Top Quizzes Today


Score Distribution

Your Account Isn't Verified!

In order to create a playlist on Sporcle, you need to verify the email address you used during registration. Go to your Sporcle Settings to finish the process.

Report this User

Report this user for behavior that violates our Community Guidelines.

Details: